Statistics for Tree species in Canada by volume on a drawing

Click here to take the quiz!

General Stats

  • This quiz has been taken 17 times
  • The average score is 6 of 8

Answers on the Map

Answers color-coded by a green-red scale on the quiz's map according to % correct below.
 

Answer Stats

Answer% Correct
Pine
94%
Tsuga/Pruche
94%
Birch
76%
Maple
76%
Fir
71%
Spruce
71%
Poplar
47%
Douglas
29%

Score Distribution

Percentile by Number Answered

Percent of People with Each Score

Your Score History

You have not taken this quiz